MARC

LEADER 00000nam0a2200000 4500
001 354760
005 20231102010726.0
035 |a (RuTPU)RU\TPU\retro\12019 
090 |a 354760 
100 |a 20200625d1979 km y0rusy50 ca 
101 0 |a rus 
102 |a RU 
105 |a a z 001zy 
200 1 |a Высокопрочные алюминиевые сплавы на основе вторичного сырья  |f Г. С. Ершов, Ю. Б. Бычков 
210 |a Москва  |c Металлургия  |d 1979 
215 |a 192 с.  |c ил. 
225 1 |a Проблемы цветной металлургии 
320 |a Библиогр.: с. 184-192 
606 1 |a Алюминиевые сплавы  |x Высокопрочные  |2 stltpush  |3 (RuTPU)RU\TPU\subj\21924  |9 46835 
610 1 |a вторичное сырье 
610 1 |a жидкие сплавы 
610 1 |a строение 
610 1 |a свойства 
610 1 |a влияние 
610 1 |a кристаллизация 
610 1 |a литейные сплавы 
610 1 |a литые детали 
610 1 |a производство 
675 |a 669.715.018.8  |v 4 
700 1 |a Ершов  |b Г. С.  |g Геннадий Степанович 
701 1 |a Бычков  |b Ю. Б.  |g Юрий Борисович 
801 1 |a RU  |b 63413507  |c 20200625 
801 2 |a RU  |b 63413507  |c 20210114  |g RCR 
942 |c BK